Big data analytics
Saved in:
| Main Author: | |
|---|---|
| Format: | Book |
| Language: | English |
| Published: |
Boise
MC Press
2012
|
| Subjects: | |
| Tags: |
No Tags, Be the first to tag this record!
|
MARC
| LEADER | 00000nam a2200000 4500 | ||
|---|---|---|---|
| 001 | 0226867 | ||
| 005 | 20240306140209.8 | ||
| 020 | |a 978-1-58347-380-1 | ||
| 041 | 0 | |a eng | |
| 044 | |a US | ||
| 245 | 1 | 0 | |a Big data analytics |c Arvind Sathi |
| 264 | 1 | |a Boise |b MC Press |c 2012 | |
| 300 | |a 73 s. | ||
| 610 | 2 | 0 | |a podnik |
| 610 | 2 | 0 | |a dáta |
| 610 | 2 | 0 | |a informácie |
| 610 | 2 | 0 | |a dokumenty |
| 610 | 2 | 0 | |a procesy podnikové |
| 610 | 2 | 0 | |a partneri obchodní |
| 610 | 2 | 0 | |a zákazníci |
| 610 | 2 | 0 | |a komunikácia firemná |
| 610 | 2 | 0 | |a systémy informačné |
| 610 | 2 | 0 | |a technológie informačné |
| 610 | 2 | 0 | |a technológie komunikačné |
| 610 | 2 | 0 | |a siete sociálne |
| 610 | 2 | 0 | |a zber dát |
| 610 | 2 | 0 | |a analýza dát |
| 610 | 2 | 0 | |a manažment informačný |
| 610 | 2 | 0 | |a modely |
| 610 | 2 | 0 | |a rozhodovanie manažérske |
| 100 | 1 | |a Sathi, Arvind | |